000 00722nam a2200241 a 4500
001 5829
003 BD-RjUL
005 20211208234134.0
008 140107t1971 ii b 001 0 eng
035 _a(BD-RjUL)5868
035 _a(BD-RjUL)
040 _aLC
_beng
_cLC
_dANL
041 _aeng
082 0 4 _223
_a360.954
_bCHV 1971
100 1 _aChowdhry, Dharam Paul,
_d1927-
_918313
245 1 0 _aVoluntary social welfare in India /
_cD. Paul Chowdhry.
260 _aNew Delhi :
_bSterling Publishers,
_cc1971.
300 _axii, 320 p. ;
_c23 cm.
504 _aInclude Bibliography and index.
650 0 _aSocial service
_zIndia.
_918314
650 0 _aVolunteer workers in social service
_zIndia.
_918315
942 _2ddc
_cBK
999 _c5829
_d5829